LIBRARY & INFORMATION CENTRE, KCAET, TAVANUR

ONLINE PUBLIC ACCESS CATALOGUE (OPAC)

Development of Wireless Sensor Network for Irrigation Control (Record no. 14896)

MARC details
000 -LEADER
fixed length control field 00653nam a22001817a 4500
003 - CONTROL NUMBER IDENTIFIER
control field OSt
088 ## - REPORT NUMBER
Report number P 366
100 ## - MAIN ENTRY--AUTHOR NAME
Personal name SWALIHA N
-- UTTAM KUMAR SINGH
245 ## - TITLE STATEMENT
Title Development of Wireless Sensor Network for Irrigation Control
260 ## - PUBLICATION, DISTRIBUTION, ETC. (IMPRINT)
Place of publication Tavanur 2017
Name of publisher Department of Irrigation and Drainage Engineering
300 ## - PHYSICAL DESCRIPTION
Number of Pages 40
500 ## - GENERAL NOTE
General note Development of Wireless Sensor Network for Irrigation Control
520 ## - SUMMARY, ETC.
Summary, etc Development of Wireless Sensor Network for Irrigation Control
700 ## - ADDED ENTRY--PERSONAL NAME
Personal name Er. Vishnu B (Guide)
856 ## - ELECTRONIC LOCATION AND ACCESS
Uniform Resource Identifier https://drive.google.com/open?id=18JCDUQT_csm0puMAO4Fe0_Sb2RvESams
942 ## - ADDED ENTRY ELEMENTS (KOHA)
Koha item type Project Report
Holdings
Collection code Home library Current library Shelving location Full call number Accession Number Koha item type
Reference KAUAET KAUAET Reference 631.587 SWA/DE P 366 Project Report
free website counter